Statistics for Vampire Pop Culture

Click here to take the quiz!

General Stats

  • This quiz has been taken 349 times
  • The average score is 7 of 15

Answer Stats

HintAnswer% Correct
Vegetable that vampires hateGarlic
95%
Beau of Bella SwanEdward Cullen
84%
Wallachian prince who was the inspiration behind Count DraculaVlad the Impaler
76%
Author of the novel mentioned in number 1Bram Stoker
72%
Slayer of the 90sBuffy the Vampire Slayer
68%
What a vampire doesn't havereflection
59%
HBO TV series based in LouisianaTrueblood
55%
Movie/Book featuring vampires Lestat, Louis, and ClaudiaInterview with the Vampire
48%
Network of The Vampire DiariesThe CW
34%
Writer of From Dusk till DawnQuentin Tarantino
32%
Stephen King novel set in MaineSalem's Lot
21%
1972 blaxploitation horror filmBlacula
19%
Either New York borough featured in 2 vampire movie titlesBrooklyn, The Bronx
9%
Half-human, half-vampire creature like the hero Bladedhampir
9%
Actor who played antagonist in 1985's Fright NightChris Sarandon
7%

Score Distribution

Percentile by Number Answered

Percent of People with Each Score

Your Score History

You have not taken this quiz